| 000 | 00969nam a22002417a 4500 | ||
|---|---|---|---|
| 001 | BRCA_9332 | ||
| 003 | FranzMayer | ||
| 005 | 20230918120657.0 | ||
| 008 | 230825b |||||||| |||| 00| 0 eng d | ||
| 020 | _a1879128055 | ||
| 040 |
_aMFM _bespañol _cMFM |
||
| 050 | 0 |
_aN6415.B3.C7 _b.A44 1992 |
|
| 110 | 1 |
_4Responsable _aAmericas Society _929164 |
|
| 240 |
_aBarroco de la Nueva Granada _hColonial Art from Colombia and Ecuador _lInglés |
||
| 245 | 0 |
_aBarroco de la Nueva Granada _bColonial Art from Colombia and Ecuador |
|
| 260 |
_aNew york, EE. UU _bAmericas Society _c1992 |
||
| 300 |
_a80 p _bIlustraciones a color _c25 cm |
||
| 500 | _aAnexo 1 | ||
| 505 | _aTexto en: inglésIncluye índice temáticoIncluye bibliografía p 78 y 79Dirigido a: artistas, museógrafos, historiadores de arte. | ||
| 650 | 1 |
_2Artes visuales _aHistoria del arte _vArte moderno _929165 |
|
| 651 | 2 |
_2Arte colonial _aNueva Granada _vColombia y Ecuador _929166 |
|
| 942 |
_2lcc _cB |
||
| 999 |
_c10954 _d10954 |
||